logo

Bir Sreshtho Munshi Abdur Rouf Library
Jhenaidah Cadet College

A practical English grammar / (Record no. 8833)

MARC details
000 -LEADER
fixed length control field 00975cam a2200289 i 4500
001 - CONTROL NUMBER
JCCL Control Number 8833
003 - CONTROL NUMBER IDENTIFIER
JCCL marc code BD-JhCC
005 - DATE AND TIME OF LATEST TRANSACTION
control field 20180304135010.0
008 - FIXED-LENGTH DATA ELEMENTS--GENERAL INFORMATION
fixed length control field 781006s1969 enk 000 0 eng
020 ## - INTERNATIONAL STANDARD BOOK NUMBER
International Standard Book Number 0194313239
035 ## - SYSTEM CONTROL NUMBER
system control number (BD-JhCC)8833
040 ## - CATALOGING SOURCE
Original cataloging agency DLC
Transcribing agency DLC
Modifying agency DLC
-- BD-JhCC
041 ## - LANGUAGE CODE
Language code of Book eng
050 00 - LIBRARY OF CONGRESS CALL NUMBER
Classification number PE1128
Item number .T39 1974
082 00 - DEWEY DECIMAL CLASSIFICATION NUMBER
Classification number 428/.2/4
Author mark and Year THO 1974
100 1# - MAIN ENTRY--PERSONAL NAME
Personal name Thomson, A. J.
Fuller form of name (Audrey Jean)
245 12 - TITLE STATEMENT
Title A practical English grammar /
Statement of responsibility, etc A. J. Thomson, and A. V. [i.e. W] Martinet.
250 ## - EDITION STATEMENT
Edition statement 2d ed.
260 ## - PUBLICATION, DISTRIBUTION, ETC. (IMPRINT)
Place of publication, distribution, etc London :
Name of publisher, distributor, etc Oxford University Press,
Date of publication, distribution, etc 1969, 1974 printing.
300 ## - PHYSICAL DESCRIPTION
Pagination xi, 275 p. ;
Dimensions 21 cm.
500 ## - GENERAL NOTE
General note First ed. published in 1960 under title: A practical English grammar for foreign students.
650 #0 - SUBJECT ADDED ENTRY--TOPICAL TERM
Topical term or geographic name as entry element English language
General subdivision Textbooks for foreign speakers.
650 #0 - SUBJECT ADDED ENTRY--TOPICAL TERM
Topical term or geographic name as entry element English language
General subdivision Grammar
-- Problems, exercises, etc.
700 1# - ADDED ENTRY--PERSONAL NAME
Personal name Martinet, A. V.
Fuller form of name (Agnes V.),
942 ## - ADDED ENTRY ELEMENTS (KOHA)
Source of classification or shelving scheme Dewey Decimal Classification
Koha item type Books
Holdings
Source of classification or shelving scheme Damaged status Not for loan Home library Current library Shelving location Total Checkouts Full call number Barcode Date last seen Copy number Koha item type
Dewey Decimal Classification     JCC Rouf Library JCC Rouf Library General Stacks   428/.2/4 THO 1974 11505 03/04/2018 C - 1 Books

JCC Library | Contacts | JCC Home

Last Update on 23 September 2017
Copyright @ 2017-2020 JCC Rouf Library
Rouf Library, Jhenidah Cadet College (JCC), Bangladesh